| 000 | 00397nam a2200145Ia 4500 | ||
|---|---|---|---|
| 008 | 210716s1999 xx 000 0 und d | ||
| 020 | _a0139171649 | ||
| 041 | _aeng | ||
| 082 | _a332.6322 HAUR | ||
| 100 | _aHaugen, Robert A. | ||
| 245 |
_aInefficient stock market: what pays off and why. _bWhat pays off and why. |
||
| 250 | _a1 | ||
| 260 |
_aUSA _bPrentice Hall India _c1999 |
||
| 300 | _ax,150 | ||
| 999 |
_c200734 _d200734 |
||